Xây dựng quy trình nhân nhanh các giống lan thương mại từ nguyên liệu phát hoa bằng kỹ thuật nuôi cấy in vitro : Đề tài nghiên cứu khoa học cấp trường
Đề tài : "Xây dựng quy trình nhân nhanh các giống lan thương mại từ nguyên liệu phát hoa bằng kỹ thuật nuôi cấy in vitro" được thự hiện tại Viện nghiên cứu & phát triển công nghệ sinh học, trường Đại học Cần Thơ từ tháng 2 năm...
Saved in:
| Main Author: | |
|---|---|
| Format: | Book |
| Language: | Undetermined |
| Published: |
Cần Thơ
Trường Đại học Cần Thơ
2008
|
| Subjects: | |
| Tags: |
Add Tag
No Tags, Be the first to tag this record!
|
| Institutions: | Trung tâm Học liệu Trường Đại học Cần Thơ |
|---|
| LEADER | 01415nam a2200217Ia 4500 | ||
|---|---|---|---|
| 001 | CTU_164940 | ||
| 008 | 210402s9999 xx 000 0 und d | ||
| 082 | |a 635.9 | ||
| 082 | |b Ph100 | ||
| 088 | |a T2007-02 | ||
| 100 | |a Nguyễn, Thị Pha | ||
| 245 | 0 | |a Xây dựng quy trình nhân nhanh các giống lan thương mại từ nguyên liệu phát hoa bằng kỹ thuật nuôi cấy in vitro : | |
| 245 | 0 | |b Đề tài nghiên cứu khoa học cấp trường | |
| 245 | 0 | |c Nguyễn Thị Pha (Chủ nhiệm đề tài) | |
| 260 | |a Cần Thơ | ||
| 260 | |b Trường Đại học Cần Thơ | ||
| 260 | |c 2008 | ||
| 520 | |a Đề tài : "Xây dựng quy trình nhân nhanh các giống lan thương mại từ nguyên liệu phát hoa bằng kỹ thuật nuôi cấy in vitro" được thự hiện tại Viện nghiên cứu & phát triển công nghệ sinh học, trường Đại học Cần Thơ từ tháng 2 năm 2007 đến tháng 9 năm 2008. Đề tài đã thực hiện sưu tập các loài lan hồ Điệp ( Phalaenopsis) trên địa bàn thành phố Cần Thơ và xây dựng quy trình phân nhanh các laòi hoa aln này. | ||
| 650 | |a Orchids,Cây lan | ||
| 904 | |i Thoa, Hải | ||
| 980 | |a Trung tâm Học liệu Trường Đại học Cần Thơ | ||